Aux sources de la guerre économique : Fondements historiques et philosophiques (notice n° 1568811)

détails MARC
000 -LEADER
fixed length control field 01646cam a2200133 4500500
005 - DATE AND TIME OF LATEST TRANSACTION
control field 20251214005358.0
041 ## - LANGUAGE CODE
Language code of text/sound track or separate title fre
042 ## - AUTHENTICATION CODE
Authentication code dc
100 10 - MAIN ENTRY--PERSONAL NAME
Personal name Laïdi, Ali
Relator term author
245 00 - TITLE STATEMENT
Title Aux sources de la guerre économique : Fondements historiques et philosophiques
260 ## - PUBLICATION, DISTRIBUTION, ETC.
Name of publisher, distributor, etc. Armand Colin,<br/>
Date of publication, distribution, etc. 2012.<br/>
520 ## - SUMMARY, ETC.
Summary, etc. La guerre économique est partout. Elle oppose les États entre eux, les entreprises entre elles, les États aux entreprises, les marchés aux États… Ses champs de bataille sont sans limites. Subventions déguisées, espionnage industriel, guerre de l’information, manipulation des monnaies, évasion fiscale… tous les coups sont permis. Les tensions montent et la tentation du protectionnisme revient en force. Hier, la guerre économique était totalement ignorée. Ceux qui osaient en parler passaient, au pire, pour des adeptes de la théorie du complot, au mieux, pour des incultes en matière économique. Pas étonnant, car la guerre économique est rejetée aussi bien par les libéraux que par les penseurs de la gauche et de l’extrême gauche. Or, comme le montre l’auteur, dans cette investigation généalogique, ses racines intellectuelles et philosophiques sont très anciennes. Elles puisent dans les textes des grands auteurs depuis Sun Tzu jusqu’à Raymond Aron en passant par Rousseau, Hobbes, etc., pour aboutir à sa forme contemporaine. La guerre économique n’est pas une idéologie. Elle n’est que le symptôme d’un nouveau malaise de la civilisation.
856 41 - ELECTRONIC LOCATION AND ACCESS
Uniform Resource Identifier <a href="https://shs.cairn.info/aux-sources-de-la-guerre-economique--9782200277819?lang=fr&redirect-ssocas=7080">https://shs.cairn.info/aux-sources-de-la-guerre-economique--9782200277819?lang=fr&redirect-ssocas=7080</a>

Pas d'exemplaire disponible.

PLUDOC

PLUDOC est la plateforme unique et centralisée de gestion des bibliothèques physiques et numériques de Guinée administré par le CEDUST. Elle est la plus grande base de données de ressources documentaires pour les Étudiants, Enseignants chercheurs et Chercheurs de Guinée.

Adresse

627 919 101/664 919 101

25 boulevard du commerce
Kaloum, Conakry, Guinée

Réseaux sociaux

Powered by Netsen Group @ 2025